Séries TV de TF1 en mort subite - Statistiques

Statistiques générales
  • Ce quiz a été pris 1 355 fois
  • Le résultat moyen est 33 sur 90
Answers on the Grid
Answers color-coded by a green-red scale on the quiz's grid according to % correct below.
Alex Santana, négociateur
Balthazar
Le Bazar de la Charité
Le Bleu de l'océan
Les Bœuf-carottes
Les Bracelets rouges
Brigade Navarro
Brocéliande
Camping Paradis
Cannes police criminelle
Cat's Eyes
Clem
Les Cœurs brûlés
Commissaire Valence
Les Cordier, juge et flic
La Croisière foll'amour
Demain nous appartient
Diane, femme flic
Doc Martin
Dolmen
Extrême Limite
Élisa, un roman photo
Falco
Femmes de loi
Les Filles d'à côté
Le Grand Patron
Hélène et les Garçons
HPI
Ici tout commence
Joséphine, ange gardien
Le juge est une femme
Julie Lescaut
Léo Mattéï, Brigade des mineurs
Lycée Toulouse-Lautrec
Mademoiselle Joubert
Malone
Marc et Sophie
Master Crimes
Méditerranée
Michel Strogoff
Le Miel et les Abeilles
Le Miracle de l'amour
Les Misérables
Munch
Le Mystère du lac
Navarro
Nos chers voisins
Les Nouvelles Filles d'à côté
Le Négociateur
Pep's
Père et Maire
Plus belle la vie, encore plus belle
Premiers Baisers
Profilage
Que du bonheur !
Les Randonneuses
La Recrue
Le Remplaçant
RIS police scientifique
Salut les Musclés
Sam
Sauveur Giordano
Section de recherches
Sœur Thérèse.com
Sous le soleil
Syndrome E
Terre indigo
Les Toqués
Tout pour la lumière
Tramontane
La Tribu
Le Tueur du lac
Une affaire française
Une famille formidable
Une femme d'honneur
Les Vacances de l'amour
Le Vent des moissons
Victor Sauvage
La Vie devant nous
La vie est à nous
Les Yeux d'Hélène
Zodiaque
Commissaire Moulin
Le Daron
Crossing Lines
Commandant Saint-Barth
Carpe Diem
Fabio Montale
Le Fil d'Ariane
Pause café
Bain de soleil
Lille unité spéciale
Collège Jean Jaurès
Pic et pic et colégram
La Commune des disparus
Trio d'enfer
La Famille Maurice
L'Homme du Jura
L'île de la Désolation
Pascal le Pineur
 
Statistiques - réponses
Réponse % Correct
Joséphine, ange gardien
81%
HPI
80%
Camping Paradis
79%
Clem
76%
Demain nous appartient
75%
Ici tout commence
75%
Léo Mattéï, Brigade des mineurs
74%
Nos chers voisins
73%
Les Bracelets rouges
67%
Sam
67%
Julie Lescaut
64%
Balthazar
62%
Plus belle la vie, encore plus belle
62%
Section de recherches
61%
Profilage
59%
Le Remplaçant
57%
Hélène et les Garçons
56%
Cat's Eyes
54%
Munch
53%
Une famille formidable
51%
Pep's
50%
Tout pour la lumière
50%
Le Bazar de la Charité
49%
Sous le soleil
49%
Lycée Toulouse-Lautrec
48%
Le juge est une femme
46%
Le Négociateur
44%
Diane, femme flic
42%
Une femme d'honneur
42%
Brocéliande
41%
Sœur Thérèse.com
41%
Navarro
40%
Le Mystère du lac
39%
Les Cordier, juge et flic
39%
RIS police scientifique
39%
Femmes de loi
38%
Brigade Navarro
37%
Commissaire Moulin
36%
Les Misérables
36%
Le Tueur du lac
36%
Master Crimes
36%
Les Filles d'à côté
35%
Zodiaque
35%
La Recrue
34%
Le Daron
34%
Premiers Baisers
34%
Père et Maire
33%
Doc Martin
32%
Les Randonneuses
32%
Commandant Saint-Barth
31%
Les Vacances de l'amour
31%
Les Yeux d'Hélène
31%
Falco
30%
Le Miracle de l'amour
30%
Le Fil d'Ariane
29%
Le Miel et les Abeilles
29%
Dolmen
28%
Les Toqués
28%
La Tribu
27%
Les Nouvelles Filles d'à côté
27%
Pause café
27%
Salut les Musclés
27%
Carpe Diem
25%
Mademoiselle Joubert
25%
Les Cœurs brûlés
24%
Cannes police criminelle
23%
Commissaire Valence
23%
Que du bonheur !
22%
La Croisière foll'amour
21%
La vie est à nous
20%
Les Bœuf-carottes
19%
Marc et Sophie
19%
Sauveur Giordano
19%
Une affaire française
19%
Le Bleu de l'océan
18%
Victor Sauvage
18%
La Vie devant nous
17%
Méditerranée
17%
Terre indigo
17%
Le Grand Patron
16%
Extrême Limite
15%
Alex Santana, négociateur
13%
Tramontane
13%
Crossing Lines
12%
Fabio Montale
12%
Le Vent des moissons
12%
Syndrome E
12%
Malone
11%
Élisa, un roman photo
9%
Michel Strogoff
9%
Aucun quiz correspondant
Distribution des résultats
% des personnes avec chaque résultat
Percentile par nombre de réponses
Votre historique - résultats
Vous n’avez pas pris ce quiz